MDQL
is popping MORE tags! Check the
thread
!
Quizzes
Events
Quiz Creation
Community
Videos
Private Events
Remove Ads
Sign In
Join for FREE
Feedback
Dark Mode
Quiz Categories
Sports
Geography
Music
Movies
Television
Just For Fun
Miscellaneous
History
Literature
Language
Science
Gaming
Entertainment
Religion
Holiday
For Kids
Quiz Lab
Recent
Popular Today
Quiz Kudos Today
Editor Picks
Curator Picks
Quizzes by...
Day
Popularity
Type
Ratings
Length
Year
Community
Subscriptions
Recent Discussions
Orange Saloon
Badges
Playlists
Quests
Create
Leaderboards
Showdown
Live 5
Trivia Bingo
Activity
Puzzle Library
Sporcle Events
Private Events
Virtual Trivia
Globe League
Become a Host
Pub Owners
SporcleCon
Opinionation
Our Games
Videos
Blog
Mobile Apps
Partnerships
Remove Ads and Go Orange
Feedback
Movies
Disney
Marvel Cinematic Universe
Movie Resume
Movie Titles
Oscar
Actor
Actress
Director
Pixar
Role
Movie Quotes
Movie Characters
Box Office
Nominee
Best Picture
Star Wars
James Bond
Horror Movies
Movies
Disney
Marvel Cinematic Universe
Movie Resume
Movie Titles
Oscar
Actor
Actress
Director
Pixar
Role
Movie Quotes
Movie Characters
Box Office
Nominee
Best Picture
Star Wars
James Bond
Horror Movies
Random Quiz
Search Sporcle
×
Curator Pick
Curator Pick
Movies
Movie Titles
Type answers based on single images at one time
Type answers based on single images at one time
Slideshow
Best Score? Go Orange.
100 Movies from the 1950s Stats
Can you name 100 Movies from the 1950s?
By
midnight_dreary
20m
100 Questions
1,478 Plays
1,478 Plays
1,478 Plays
Comments
Comments
Give Quiz Kudos
Give Quiz Kudos
-
- Ratings
hide this ad
Replay
Link that replays current quiz
Next Quiz
Link to next quiz in quiz playlist
You Got
0%
They Got
Avg Score
51%
Avg Friend Score
Upgrade to see
Score Distribution
Jump to the score distribution portion of the page
Score
0/100
Timer
20:00
0
Plays Today
% Correct
Singin' in the Rain
99.2%
Cinderella
93.4%
Lady and the Tramp
88.1%
Peter Pan
87.6%
Alice in Wonderland
86.2%
North by Northwest
85.2%
Sleeping Beauty
84.1%
12 Angry Men
83.8%
The Ten Commandments
83.7%
Godzilla
83.4%
Roman Holiday
83.2%
Rear Window
82.5%
Some Like It Hot
81.9%
Sunset Boulevard
81.4%
The King and I
80.9%
Jailhouse Rock
80.2%
The Bridge on the River Kwai
79%
Vertigo
78.5%
A Streetcar Named Desire
77.5%
The African Queen
77.1%
Seven Samurai
76.8%
Gentlemen Prefer Blondes
75%
Rebel Without a Cause
75%
White Christmas
74.9%
On the Waterfront
74.5%
From Here to Eternity
73.1%
The Seven Year Itch
71.6%
Creature from the Black Lagoon
71.2%
Strangers on a Train
69.9%
Oklahoma!
69.1%
Sabrina
68.6%
All About Eve
67.9%
Old Yeller
67.1%
Treasure Island
65.6%
% Correct
Ben-Hur
65.4%
Cat on a Hot Tin Roof
65.2%
Giant
62.5%
Julius Caesar
62.4%
The Day the Earth Stood Still
62.3%
An American in Paris
61.4%
A Christmas Carol
61.1%
East of Eden
58.7%
The Seventh Seal
56.8%
The Greatest Show on Earth
56.6%
A Star Is Born
56.3%
Gigi
56.3%
The Night of the Hunter
55.5%
Guys and Dolls
54.2%
The Searchers
52.3%
The Quiet Man
50.8%
20,000 Leagues Under the Sea
50.7%
High Noon
50.7%
Forbidden Planet
50.2%
Pillow Talk
49.2%
The Wild One
48.9%
Harvey
48.2%
Funny Face
47.4%
Them!
46.7%
The Incredible Shrinking Man
46%
Calamity Jane
44.7%
The Old Man and the Sea
43.4%
House of Wax
42.2%
Plan 9 From Outer Space
40.9%
The Defiant Ones
40%
The 400 Blows
39.1%
The Caine Mutiny
35.7%
Carmen Jones
35.5%
How to Marry a Millionaire
34.1%
% Correct
The Country Girl
34.1%
A Place in the Sun
33.9%
War and Peace
33.5%
The Bad Seed
32.7%
Invasion of the Body Snatchers
32.2%
Richard III
31.6%
Summertime
31.2%
Annie Get Your Gun
30.9%
Mister Roberts
30.3%
Ivanhoe
30.1%
The Bad and the Beautiful
28.3%
To Catch a Thief
27.4%
Touch of Evil
26.9%
House on Haunted Hill
25.5%
Imitation of Life
25.5%
Royal Wedding
24%
Sweet Smell of Success
23.7%
Auntie Mame
21.1%
The Thing from Another World
20.6%
All That Heaven Allows
19.5%
The Rose Tattoo
19.3%
The Lavender Hill Mob
18.7%
Kiss Me Deadly
18.3%
My Cousin Rachel
18.1%
The Wages of Fear
15.3%
Pal Joey
12.8%
Queen Bee
12.2%
The Moon Is Blue
10.9%
I'll Cry Tomorrow
10.8%
Rififi
10%
A Hatful of Rain
8%
When Worlds Collide
7.9%
Quiz Playlist
Details
Report
Send in Message
Add To Playlist
Slideshow:
Type answers based on single images at one time
Last Updated: Apr 3, 2018
Curator Pick in
Decade
Quiz Scoreboard
CHALLENGE
Sign Up to Join the Scoreboard
Show All
Scores
Hide
Comments
May contain spoilers
Recently Published
Two Season TV Shows II
by 123Four
Television
10m
Image Sorting: Flags VI
by Barbecue
Geography
2m
Find the 'City' Movie
by crazypaving
Movies
60s
More to Explore
Quiz From the Vault
Featured Blog Post
14 Easter Pick-up Lines to Find Eggs With
hide this ad
You Might Also Like...
Tags
Decade Quiz
Movie Titles Quiz
100
1950s
Slideshow
Today's Top Quizzes in Movies
Browse Movies
hide this ad
Today's Top Quizzes in Movie Titles
Browse Movie Titles
Top Contributed Quizzes in Movies
1
Find The 'Big' Movie
2
The ultimate James Bond movie quiz
3
Find The 'Wild' Movie
4
Find The 'Blue' Movie
5
Movies By Plot
6
Hidden Star Wars Character II
7
Pick 5 Posters: Directed by Spielberg
8
Hidden Star Wars Character III
9
Hidden Star Wars Character IV
10
25 Best Actor Nominees (1990s)
Explore More
Trending Topics
Marvel
Disney
Harry Potter
Crossword
Kpop
Anime
NBA
Soccer
Pokémon
The Office
NFL
Song
Country
Puzzle
WWE
hide this ad
More By:
midnight_dreary
Quiz
Plays
Rating
Category
Featured
Created
Katy Perry or Taylor Swift?
52,900
4.37
Music
Nov 12, 2014
War Movies by Poster
34,063
4.63
Movies
Oct 22, 2019
100 TV Shows From The 2010s
32,838
4.29
Television
Jan 15, 2019
'Girl' and 'Boy' Movies
30,857
4.56
Movies
Apr 1, 2017
30 School Movies
30,449
4.35
Movies
Feb 4, 2017
Go to Creator's Profile
Score Distribution
Quiz Creator Spotlight
midnight_dreary
Follow
Send a Message
Quizzes Created
-
Created Quiz Play Count
-
More By This Creator
Popular Quizzes Today
1
Colored Red Africa Blitz
2
Find the US States - No Outlines Minefield
3
Find the 'City' Movie
4
5x2 Blitz: Bands
5
The Countries of the World
6
Find the US States
7
Find the Countries of Europe - No Outlines Minefield
8
US States
More Movies Quizzes
Quick•Pic•Click: American Pie
Editor's Pick
Trending Quizzes
Colored Red Europe Blitz I
Colored Red Africa Blitz II
Colored Red Europe Blitz II
Colored Red Africa Blitz III
Colored Red Europe Blitz III
Recently Updated
How Do You Spell That?
pecheneg
Godzilla Movies
pecheneg
Grab Bag: 4-10 Letters
pecheneg
2024 March Madness Bracket
pecheneg
Famous TV Couples
Peacemaker
Champions League XIs: Real Madrid
pecheneg
Largest US Cities 1790-2010
pecheneg
Rides in Walt Disney World
pecheneg
Most Oscar Losses (Acting)
pecheneg
Beyoncé Albums
pecheneg
Trending Topics
Anime
NBA
Crossword
Disney
Kpop
Harry Potter
Marvel
Pokémon
Soccer
Puzzle
NFL
Country
WWE
The Office
Song
Your Account Isn't Verified!
In order to create a playlist on Sporcle, you need to verify the email address you used during registration. Go to your
Sporcle Settings
to finish the process.
Report this User
Report this user for behavior that violates our
Community Guidelines
.
Details:
Send Report
Go to the Sporcle.com Mobile Site →
Comments